Placas tectónicas en un mapa - Estadísticas

Estadísticas generales
  • Esta prueba ha sido intentada 32 veces
  • La puntuación promedio es 14 de 29
Respuestas en el mapa
Las respuestas están codificadas por una escala verde-roja en el mapa de la prueba según el % correcto abajo.
 
Estadísticas de respuestas
Placa % Correcto
Placa Africana
100%
Placa Pacífica
100%
Placa Australiana
95%
Placa Eurasiática
95%
Placa India
95%
Placa Sudamericana
95%
Placa Antártica
91%
Placa Norteamericana
91%
Placa Caribeña
86%
Placa Árabe
73%
Placa Filipina
73%
Placa de Nazca
55%
Placa de Cocos
45%
Placa de Panamá
41%
Placa de Scotia
41%
Placa de Juan de Fuca
32%
Placa de Anatolia
27%
Placa de Pascua
27%
Placa de Timor
27%
Placa Somalí
27%
Placa de Birmania
23%
Placa de los Andes del norte
23%
Placa del Mar de Banda
18%
Placa del mar de las Molucas
14%
Placa Cabeza de Pájaro
9%
Placa de Amuria
9%
Placa de las Carolinas
9%
Placa del Yangtsé
9%
Placa de Ojotsk
9%
No se encontraron pruebas coincidentes
Distribución de puntuación
Porcentaje de gente con cada puntuación
Porcentaje por número respondido
Historial de tus puntuaciones
No has intentado esta prueba.